Krátkodobé finančné rozhodovanie v podnikovej praxi

Krátkodobé finančné rozhodovanie využitím rozhodovacieho stromu s podporou softvérového produktu QMwin.

Gespeichert in:
Bibliographische Detailangaben
1. Verfasser: Hyránek, Eduard, 1955-
Weitere Verfasser: Grell, Michal
Format: Buchkapitel
Sprache:Slowakisch
Schlagworte:
Tags: Tag hinzufügen
Keine Tags, Fügen Sie das erste Tag hinzu!

MARC

LEADER 00000naa$a2200000$$$4500
001 0037056
005 20240502071454.6
041 0 |a slo 
044 |a SK 
245 1 0 |a Krátkodobé finančné rozhodovanie v podnikovej praxi  |c Eduard Hyránek, Michal Grell 
520 |a Krátkodobé finančné rozhodovanie využitím rozhodovacieho stromu s podporou softvérového produktu QMwin. 
610 2 0 |a rozhodovanie finančné 
610 2 0 |a podnik 
610 2 0 |a úver 
610 2 0 |a softvér 
610 2 0 |a zákazníci 
100 1 |a Hyránek, Eduard, 1955- 
700 1 |a Grell, Michal